Top Scorer Of Each League 24/25 Season - Statistics

General Stats
  • This quiz has been taken 41 times
  • The average score is 4 of 5
Answer Stats
League Top Scorer % Correct
Bundesliga Harry Kane
95%
Laliga Kylian Mbappe
81%
Premier League Mohamed Salah
78%
Ligue 1 Ousmane Dembele | Mason Greenwood
78%
Serie A Mateo Retegui
30%
No matching quizzes found
Score Distribution
Percent of People with Each Score
Percentile by Number Answered
Your Score History
You have not taken this quiz